000 00596nam a2200169 i 4500
001 81779
003 ES-MaACL
005 20230906174518.0
007 t|
008 041108s1972 sp ||||1| spa d
100 1 _aHumboldt, Wilhelm von.
_964716
245 1 0 _aSobre el origen de las formas gramaticales y sobre su influencia en el desarrollo de las ideas
_b: carta a M. Abel Remusat /
_cWilhelm von Humboldt ; [traducción, Carmen Artal].
260 _aBarcelona :
_bAnagrama,
_c1972.
300 _a110 p. ;
_c17 cm.
700 1 _aArtal, Carmen.
_923417
852 _aES-MaACL
_jC-50235
_bR.81220
999 _c81779
_d81779